ARRUPE JESUIT UNIVERSITY

CORONAVIRUS -STOP THE SPREAD - CLEAN,DISINFECT,COVER

Introductory readings in literary criticism (Record no. 127056)

MARC details
000 -LEADER
fixed length control field 00760cam a22002291 4500
001 - CONTROL NUMBER
control field 283010
003 - CONTROL NUMBER IDENTIFIER
control field ARRUPE
005 - DATE AND TIME OF LATEST TRANSACTION
control field 20171006110730.0
008 - FIXED-LENGTH DATA ELEMENTS--GENERAL INFORMATION
fixed length control field 811201s1968 cau b 000 0 eng
010 ## - LIBRARY OF CONGRESS CONTROL NUMBER
LC control number 67020368
040 ## - CATALOGING SOURCE
Original cataloging agency DLC
Transcribing agency DLC
Modifying agency DLC
-- OCoLC
050 00 - LIBRARY OF CONGRESS CALL NUMBER
Classification number PN501
Item number .I5
082 00 - DEWEY DECIMAL CLASSIFICATION NUMBER
Classification number 809
Edition number 19
300 ## - PHYSICAL DESCRIPTION
Dimensions 23 cm.
245 00 - TITLE STATEMENT
Title Introductory readings in literary criticism
Statement of responsibility, etc Joyce S. Steward and Eva M. Burkett.
260 ## - PUBLICATION, DISTRIBUTION, ETC. (IMPRINT)
Place of publication, distribution, etc Califonia
Name of publisher, distributor, etc Addison-Wesley Pub. Co.,
Date of publication, distribution, etc 1968
300 ## - PHYSICAL DESCRIPTION
Extent viii, 344 p.
504 ## - BIBLIOGRAPHY, ETC. NOTE
Bibliography, etc Bibliographical footnotes.
650 #0 - SUBJECT ADDED ENTRY--TOPICAL TERM
Topical term or geographic name as entry element Literature
General subdivision Addresses
9 (RLIN) 36759
700 1# - ADDED ENTRY--PERSONAL NAME
Personal name Steward, Joyce S.
9 (RLIN) 36760
700 1# - ADDED ENTRY--PERSONAL NAME
Personal name Burkett, Eva Mae.
9 (RLIN) 36761
906 ## - LOCAL DATA ELEMENT F, LDF (RLIN)
a 7
b cbc
c orignew
d 1
e ocip
f 19
g y-gencatlg
942 ## - ADDED ENTRY ELEMENTS (KOHA)
Source of classification or shelving scheme Library of Congress Classification
Koha item type Monograph ( Printed materials)
Holdings
Withdrawn status Lost status Source of classification or shelving scheme Damaged status Not for loan Collection code Home library Current library Date acquired Total Checkouts Full call number Barcode Date last seen Price effective from Koha item type
    Library of Congress Classification     Main Collection ARRUPE LIBRARY ARRUPE LIBRARY 06/10/2017   PN501 .S7 46500027864 27/03/2019 06/10/2017 Monograph ( Printed materials)

 

Arrupe Library. PO Box MP320 Mt Pleasant, Harare, Zimbabwe
263 242 745411|librarian@aju.ac.zw